[Event "5eme LUCOPEN"]
[Site "Lille"]
[Date "2014.05.01"]
[Round "5"]
[White "Lagarde, Maxime"]
[Black "Janev, Evgeni"]
[Result "1-0"]
[WhiteElo "2510"]
[BlackElo "2427"]
[PlyCount "93"]
[EventDate "2014.??.??"]

1. d4 d6 2. c4 g6 3. Nc3 Bg7 4. Nf3 Nf6 5. g3 O-O 6. Bg2 c6 7. O-O Qa5 8. h3
Be6 9. Nd2 Na6 10. a3 Rfe8 11. e4 Qb6 12. c5 dxc5 13. d5 Bd7 14. Nc4 Qd8 15. a4
Nb4 16. g4 cxd5 17. exd5 h5 18. g5 Nh7 19. Na2 Qc8 20. h4 b5 21. Nxb4 cxb4 22.
Na5 bxa4 23. Nc6 a3 24. Ra2 Bxc6 25. dxc6 Qe6 26. Bd5 Qh3 27. bxa3 Qxh4 28. Qb3
Nxg5 29. Qg3 Qxg3+ 30. fxg3 Rad8 31. Bc4 Rd4 32. Rc2 b3 33. Bxg5 bxc2 34. Bxf7+
Kh7 35. Bxe8 Rd3 36. Kf2 Be5 37. Rc1 Bxg3+ 38. Ke2 Rc3 39. Bd2 Rxa3 40. Rxc2
Bc7 41. Rb2 h4 42. Rb7 h3 43. Rxc7 h2 44. Rxe7+ Kh8 45. Bxg6 h1=Q 46. Rh7+ Qxh7
47. Bxh7 1-0

[Event "5eme LUCOPEN"]
[Site "Lille"]
[Date "2014.05.01"]
[Round "5"]
[White "Smith, Axel"]
[Black "Friess, Nicolas"]
[Result "1-0"]
[WhiteElo "2478"]
[BlackElo "2350"]
[PlyCount "179"]
[EventDate "2014.??.??"]

1. Nf3 e6 2. c4 f5 3. g3 Nf6 4. Bg2 d5 5. O-O c6 6. b3 Bd6 7. Bb2 O-O 8. cxd5
exd5 9. e3 a5 10. Nc3 Na6 11. a3 Bd7 12. Qc2 Nc5 13. Rfd1 Qe8 14. Ne2 Nce4 15.
Nf4 g5 16. Nd3 Qh5 17. Nfe5 f4 18. exf4 Bf5 19. f3 Nc5 20. g4 Bxd3 21. Nxd3 Qg6
22. f5 Qh6 23. Nxc5 Qxh2+ 24. Kf1 Nxg4 25. Ne6 Rae8 26. fxg4 Rxe6 27. Qc3 Be5
28. Qe3 Rff6 29. Bxe5 Rxe5 30. Qxg5+ Kf7 31. Re1 h6 32. Qh5+ Qxh5 33. gxh5
Rfxf5+ 34. Kg1 Rxh5 35. Rxe5 Rxe5 36. Rc1 Re2 37. Rc5 a4 38. bxa4 Rxd2 39. Rc3
Rd4 40. a5 Ra4 41. Rb3 Rxa5 42. Rxb7+ Ke6 43. Rb3 c5 44. Rh3 c4 45. Kf2 Kf5 46.
Rh5+ Kg6 47. Rxd5 Rxa3 48. Rc5 Rc3 49. Be4+ Kf6 50. Ke2 Ra3 51. Rxc4 Kg5 52.
Bf3 Ra2+ 53. Ke3 Ra3+ 54. Kf2 Ra6 55. Kg3 Rb6 56. Rc5+ Kf6 57. Kf4 Rd6 58. Kg4
Re6 59. Bd5 Re5 60. Rc6+ Kg7 61. Bb3 Rb5 62. Bc4 Re5 63. Bd3 Rg5+ 64. Kf4 Rd5
65. Bc4 Rg5 66. Rc7+ Kf6 67. Rc6+ Kg7 68. Bd3 Rd5 69. Bf5 Ra5 70. Rg6+ Kf7 71.
Rxh6 Ra1 72. Rc6 Rf1+ 73. Ke5 Re1+ 74. Be4 Rf1 75. Rc7+ Ke8 76. Bd5 Kf8 77. Be6
Rh1 78. Kd6 Rd1+ 79. Bd5 Re1 80. Rf7+ Ke8 81. Rg7 Kd8 82. Rb7 Rc1 83. Bb3 Rc3
84. Be6 Rd3+ 85. Bd5 Rc3 86. Rd7+ Kc8 87. Rh7 Kb8 88. Rb7+ Kc8 89. Rb4 Rc1 90.
Be6+ 1-0

[Event "5eme LUCOPEN"]
[Site "Lille"]
[Date "2014.05.01"]
[Round "5"]
[White "Maiorov, Nikita"]
[Black "Dijkhuis, Tycho"]
[Result "1-0"]
[WhiteElo "2522"]
[BlackElo "2204"]
[PlyCount "85"]
[EventDate "2014.??.??"]

1. d4 Nf6 2. c4 c5 3. d5 e6 4. Nc3 exd5 5. cxd5 d6 6. e4 g6 7. Nge2 Bg7 8. Ng3
O-O 9. Be2 Re8 10. O-O Nbd7 11. Be3 a6 12. a4 h5 13. f3 Nh7 14. Nh1 f5 15. Nf2
g5 16. f4 g4 17. Qd2 Bxc3 18. bxc3 fxe4 19. Nd1 Ndf6 20. Bf2 Bd7 21. a5 b5 22.
axb6 Qxb6 23. Ne3 Reb8 24. Nc4 Qc7 25. Ne3 Qb6 26. Ra2 a5 27. f5 Qc7 28. Bg3
Bb5 29. c4 Be8 30. Rfa1 a4 31. Bd1 Rb4 32. Bf4 Qe7 33. h3 gxh3 34. gxh3 Bd7 35.
Qh2 Rb6 36. Rg2+ Kf8 37. Rg6 Ke8 38. Qg3 Kd8 39. Rg7 Qf8 40. Ra3 Kc7 41. Qg6
Qc8 42. Rxa4 Rxa4 43. Bxa4 1-0

[Event "5eme LUCOPEN"]
[Site "Lille"]
[Date "2014.05.01"]
[Round "5"]
[White "Johnsen, Gunnar"]
[Black "Pancevski, Filip"]
[Result "0-1"]
[WhiteElo "2130"]
[BlackElo "2466"]
[PlyCount "34"]
[EventDate "2014.??.??"]

1. d4 d6 2. c4 g6 3. Nc3 Bg7 4. e4 e5 5. Nge2 Nc6 6. Be3 Nf6 7. f3 O-O 8. Qd2
a6 9. d5 Ne7 10. g4 Ne8 11. h4 f5 12. gxf5 gxf5 13. Bh3 b5 14. c5 b4 15. Na4
fxe4 16. fxe4 Bxh3 17. Rxh3 Qd7 0-1

[Event "5eme LUCOPEN"]
[Site "Lille"]
[Date "2014.05.01"]
[Round "5"]
[White "Noordhoek, Henk"]
[Black "Dominguez Pons, Eric"]
[Result "0-1"]
[WhiteElo "2048"]
[BlackElo "2335"]
[PlyCount "116"]
[EventDate "2014.??.??"]

1. e4 c5 2. Nf3 d6 3. Bb5+ Bd7 4. Bxd7+ Qxd7 5. O-O Nc6 6. c4 Ne5 7. d3 Nxf3+
8. Qxf3 g6 9. Bd2 Bg7 10. Bc3 e5 11. Qe2 Ne7 12. f4 Nc6 13. f5 O-O-O 14. Nd2
Nd4 15. Qd1 h5 16. a3 Bh6 17. b4 Be3+ 18. Kh1 gxf5 19. Bxd4 Bxd4 20. Ra2 f4 21.
Nf3 Kb8 22. Nh4 Qg4 23. Nf5 Qxd1 24. Rxd1 Kc7 25. b5 Kd7 26. Rf1 Rdg8 27. Rf3
Rg5 28. Nh4 Rhg8 29. a4 a6 30. Rh3 Rh8 31. Nf5 Ke6 32. Nh4 axb5 33. axb5 Rgg8
34. Rf3 Ra8 35. Rxa8 Rxa8 36. Rf1 Ra2 37. Rd1 Rf2 38. Nf5 f3 39. gxf3 Rxf3 40.
Ng7+ Kf6 41. Nxh5+ Kg5 42. Ng3 Kg4 43. Rf1 Rxd3 44. Rxf7 Rd1+ 45. Nf1 Rc1 46.
Kg2 Rc2+ 47. Kh1 b6 48. Rf6 Rxc4 49. Rxd6 Rc1 50. Kg2 Rc2+ 51. Kh1 c4 52. Rg6+
Kf4 53. Ng3 c3 54. Rf6+ Kg5 55. Rf1 Rf2 56. Rg1 Rd2 57. h4+ Kg4 58. Nf1+ Bxg1
0-1

[Event "5eme LUCOPEN"]
[Site "Lille"]
[Date "2014.05.01"]
[Round "5"]
[White "Bannink, Bernard"]
[Black "Aubry, Fabien"]
[Result "1/2-1/2"]
[WhiteElo "2248"]
[BlackElo "1887"]
[PlyCount "69"]
[EventDate "2014.??.??"]

1. d4 e6 2. e4 d5 3. Nd2 a6 4. Ngf3 c5 5. exd5 exd5 6. c3 cxd4 7. Nxd4 Nf6 8.
Bd3 Be7 9. O-O O-O 10. Re1 Re8 11. N2f3 Bg4 12. h3 Bh5 13. Bg5 Nbd7 14. Qc2 Rc8
15. Rad1 Bg6 16. Bxg6 hxg6 17. Nb3 Qc7 18. Qd3 Bd6 19. Be3 Re7 20. Bg5 Rce8 21.
Rxe7 Rxe7 22. Bxf6 Nxf6 23. Nbd2 Qb6 24. Nc4 dxc4 25. Qxd6 Qxd6 26. Rxd6 Rd7
27. Rxd7 Nxd7 28. Nd2 b5 29. Kf1 Nc5 30. b3 cxb3 31. axb3 a5 32. Ke2 a4 33. b4
Nb7 34. Nb1 Nd6 35. Kd3 1/2-1/2

[Event "5eme LUCOPEN"]
[Site "Lille"]
[Date "2014.05.01"]
[Round "5"]
[White "Mouhamad, Joachin"]
[Black "Bauche, Timothe"]
[Result "1-0"]
[WhiteElo "2214"]
[BlackElo "2045"]
[PlyCount "47"]
[EventDate "2014.??.??"]

1. e4 e5 2. Nf3 Nc6 3. Bc4 Nf6 4. d4 exd4 5. e5 d5 6. Bb5 Ne4 7. Nxd4 Bd7 8.
Bxc6 bxc6 9. O-O Be7 10. f3 Nc5 11. f4 O-O 12. f5 Bg5 13. Nc3 Re8 14. Re1 Rb8
15. Qg4 Bxc1 16. Raxc1 Qc8 17. Re3 g6 18. Rf1 Rb6 19. e6 Bxe6 20. fxe6 Nxe6 21.
Qf3 Ng5 22. Qf2 Rxe3 23. Qxe3 Qg4 24. Nxc6 1-0

[Event "5eme LUCOPEN"]
[Site "Lille"]
[Date "2014.05.01"]
[Round "5"]
[White "Verriere, Nicolas"]
[Black "Adrien, Vincent"]
[Result "1/2-1/2"]
[WhiteElo "1844"]
[BlackElo "2021"]
[PlyCount "57"]
[EventDate "2014.??.??"]

1. e4 e5 2. Nf3 Nc6 3. Bb5 f5 4. Nc3 fxe4 5. Nxe4 Nf6 6. Nxf6+ Qxf6 7. Qe2 Be7
8. O-O d6 9. d4 Bg4 10. Qe4 Bxf3 11. Bxc6+ bxc6 12. gxf3 O-O 13. dxe5 dxe5 14.
Kg2 Rab8 15. b3 Rb4 16. c4 c5 17. Bb2 Bd6 18. Rfe1 Rbb8 19. Qd5+ Kh8 20. Bxe5
Bxe5 21. Rxe5 Rbd8 22. Qe4 Rd4 23. Qe2 Rf4 24. Rf1 Rxf3 25. Rxc5 h6 26. Rxc7
Qg6+ 27. Kh1 Rh3 28. Qe5 Re8 29. Re7 1/2-1/2

[Event "5eme LUCOPEN"]
[Site "Lille"]
[Date "2014.05.01"]
[Round "5"]
[White "Guedon, Stephane"]
[Black "Allemand, Christian"]
[Result "1-0"]
[WhiteElo "2210"]
[BlackElo "1775"]
[PlyCount "63"]
[EventDate "2014.??.??"]

1. d4 Nf6 2. c4 c5 3. d5 b5 4. cxb5 a6 5. bxa6 g6 6. Nc3 Bxa6 7. Nf3 d6 8. g3
Bg7 9. Bg2 O-O 10. Rb1 Qa5 11. O-O Nbd7 12. Qc2 Ng4 13. Bd2 Qb6 14. b3 Qa7 15.
a4 Rab8 16. h3 Nge5 17. Nxe5 Nxe5 18. Kh2 Rb7 19. f4 Nd7 20. Rfe1 Qb8 21. Nd1
Rc8 22. Ne3 Bd4 23. Nc4 Rbc7 24. Na5 Nf6 25. e3 Qb6 26. Nc6 Nxd5 27. Bxd5 e6
28. Ba5 Qxc6 29. Bxc6 Rxc6 30. exd4 cxd4 31. Qxc6 Rxc6 32. Rbc1 1-0

[Event "5eme LUCOPEN"]
[Site "Lille"]
[Date "2014.05.01"]
[Round "5"]
[White "Bachmann, Axel"]
[Black "Arizmendi Martinez, Julen Luis"]
[Result "1/2-1/2"]
[WhiteElo "2598"]
[BlackElo "2542"]
[PlyCount "93"]
[EventDate "2014.??.??"]

1. d4 Nf6 2. c4 e6 3. Nf3 d5 4. g3 Bb4+ 5. Nc3 dxc4 6. Bg2 Nc6 7. O-O Rb8 8.
Qc2 O-O 9. Rd1 b5 10. Ne5 Nxe5 11. dxe5 Nd7 12. a4 a6 13. axb5 axb5 14. Be3 Bb7
15. Bxb7 Rxb7 16. Qe4 c6 17. Qxc6 Qc8 18. Qxc8 Rxc8 19. Nxb5 Nxe5 20. Na7 Re8
21. Bd4 Bd6 22. Ra6 Bb8 23. Rda1 Bxa7 24. Bxe5 Bb8 25. Bc3 Rc8 26. R1a4 Kf8 27.
Ra8 Ke7 28. Bxg7 f6 29. Ra2 Rc6 30. Bh6 Be5 31. Rh8 Rxb2 32. Rxh7+ Kd6 33. Bf8+
Kd5 34. Ra5+ Kd4 35. Rh4+ Kc3 36. Re4 Kd2 37. Bh6+ Kc2 38. Kg2 Kb1 39. h4 Ra2
40. Rxa2 Kxa2 41. Rxe5 fxe5 42. h5 c3 43. Be3 Rc4 44. h6 c2 45. Bd2 Rd4 46. Be3
Rc4 47. Bd2 1/2-1/2

[Event "5eme LUCOPEN"]
[Site "Lille"]
[Date "2014.05.01"]
[Round "5"]
[White "Neelotpal, Das"]
[Black "Castellanos Rodrigue, Renier"]
[Result "0-1"]
[WhiteElo "2428"]
[BlackElo "2474"]
[PlyCount "72"]
[EventDate "2014.??.??"]

1. d4 Nf6 2. c4 e6 3. Nf3 b6 4. g3 Bb4+ 5. Bd2 Be7 6. Bg2 c6 7. Qc2 d5 8. O-O
Nbd7 9. Bf4 Ba6 10. b3 O-O 11. Rd1 Rc8 12. Nc3 h6 13. e4 dxc4 14. Nd2 b5 15.
bxc4 bxc4 16. Na4 g5 17. Be3 Ng4 18. Nxc4 Bxc4 19. Qxc4 Nxe3 20. fxe3 Qa5 21.
Rab1 c5 22. Qb5 Qxb5 23. Rxb5 cxd4 24. exd4 Rc4 25. Ra5 Rd8 26. d5 exd5 27.
Rxa7 Bf6 28. Ra6 Bd4+ 29. Kh1 Ne5 30. h3 dxe4 31. Bxe4 Kg7 32. Kg2 Rb8 33. Rd6
Be3 34. Re1 Rxa4 35. Rxe3 Rxa2+ 36. Kg1 Nc4 0-1

[Event "5eme LUCOPEN"]
[Site "Lille"]
[Date "2014.05.01"]
[Round "5"]
[White "Bailet, Pierre"]
[Black "Riff, Jean-Noel"]
[Result "0-1"]
[WhiteElo "2469"]
[BlackElo "2459"]
[PlyCount "42"]
[EventDate "2014.??.??"]

1. e4 c5 2. Nf3 d6 3. d4 Nf6 4. Nc3 cxd4 5. Nxd4 e6 6. g4 h6 7. Rg1 e5 8. Nb3
Be6 9. Be3 Be7 10. Qe2 a5 11. O-O-O a4 12. Nc5 a3 13. b3 Qc8 14. N3a4 dxc5 15.
Nb6 Qc6 16. Nxa8 c4 17. f3 O-O 18. Nb6 cxb3 19. axb3 Qc3 20. Nc4 Qa1+ 21. Kd2
Rd8+ 0-1

[Event "5eme LUCOPEN"]
[Site "Lille"]
[Date "2014.05.01"]
[Round "5"]
[White "Lie, Espen"]
[Black "Roger, Mehdi"]
[Result "1-0"]
[WhiteElo "2460"]
[BlackElo "2202"]
[PlyCount "77"]
[EventDate "2014.??.??"]

1. e4 c5 2. Nf3 d6 3. Bb5+ Nc6 4. O-O Bd7 5. Re1 Nf6 6. c3 a6 7. Ba4 b5 8. Bc2
e5 9. h3 Be7 10. d4 cxd4 11. cxd4 O-O 12. Nc3 Rc8 13. Be3 Qc7 14. Rc1 Qb7 15.
Bb3 Bd8 16. Bg5 exd4 17. Nxd4 Nxd4 18. Qxd4 b4 19. Nd5 Nxd5 20. Bxd5 Qb8 21.
Rxc8 Bxc8 22. Bxd8 Rxd8 23. Qc4 Be6 24. Bxe6 fxe6 25. Qxe6+ Kh8 26. Rc1 h6 27.
Qd5 Re8 28. Rc6 a5 29. Rxd6 b3 30. axb3 Qb4 31. Rd8 Rxd8 32. Qxd8+ Kh7 33. Qd5
Qe1+ 34. Kh2 Qxf2 35. Qf5+ Qxf5 36. exf5 Kg8 37. Kg3 Kf7 38. Kf4 Kf6 39. g4 1-0

[Event "5eme LUCOPEN"]
[Site "Lille"]
[Date "2014.05.01"]
[Round "5"]
[White "Cawdery, Daniel"]
[Black "Navrotescu, Andreea-Cristiana"]
[Result "1-0"]
[WhiteElo "2395"]
[BlackElo "2190"]
[PlyCount "91"]
[EventDate "2014.??.??"]

1. e4 c5 2. Nf3 e6 3. d4 cxd4 4. Nxd4 a6 5. Bd3 Qc7 6. O-O Nf6 7. Qe2 d6 8. c4
Nbd7 9. Nc3 Ne5 10. Bd2 Nxd3 11. Qxd3 Be7 12. f4 O-O 13. Rae1 Rd8 14. Kh1 Nd7
15. b3 Bf6 16. f5 Ne5 17. Qg3 Qe7 18. fxe6 fxe6 19. Rxf6 Qxf6 20. Bg5 Qf8 21.
Bxd8 Qxd8 22. Nf3 Nxf3 23. Qxf3 Bd7 24. Rd1 Bc6 25. c5 Qg5 26. cxd6 Rf8 27. Qe2
Qc5 28. Qd3 Rd8 29. h3 b5 30. a3 Qxa3 31. Ne2 e5 32. Ng3 g6 33. Qc3 Rxd6 34.
Ra1 Rd3 35. Qxe5 Qxb3 36. Rf1 Qa3 37. Qe6+ Kh8 38. Qf6+ Kg8 39. Qf7+ Kh8 40.
Qf6+ Kg8 41. Qxc6 Rxg3 42. Qe6+ Kg7 43. Qf6+ Kh6 44. Qf4+ Kh5 45. Kh2 Rg5 46.
g4+ 1-0

[Event "5eme LUCOPEN"]
[Site "Lille"]
[Date "2014.05.01"]
[Round "5"]
[White "Camacho Collados, Jose"]
[Black "Burgnies, Stephane"]
[Result "1-0"]
[WhiteElo "2388"]
[BlackElo "2170"]
[PlyCount "89"]
[EventDate "2014.??.??"]

1. e4 e5 2. Nf3 Nc6 3. Bb5 a6 4. Ba4 Nf6 5. O-O Nxe4 6. d4 b5 7. Bb3 d5 8. dxe5
Be6 9. Nbd2 Nc5 10. c3 Be7 11. Qe2 d4 12. Bxe6 Nxe6 13. Qe4 Qd7 14. Nxd4 Nexd4
15. cxd4 Rd8 16. Nf3 Nxd4 17. Nxd4 Qxd4 18. Qc6+ Qd7 19. Qxa6 Qd5 20. Qa5 O-O
21. Qxc7 Bc5 22. Bf4 Rd7 23. Qa5 Ra8 24. Qc3 Bd4 25. Qb3 Bxe5 26. Bxe5 Qxe5 27.
Rfe1 Qd5 28. Qxd5 Rxd5 29. Rad1 Rc5 30. Rc1 Rd5 31. Rcd1 Rc5 32. Rc1 Rxc1 33.
Rxc1 Kf8 34. a3 Rd8 35. g4 Rd2 36. b4 h6 37. h4 Rd5 38. Kg2 h5 39. gxh5 Rxh5
40. Rc5 Rxh4 41. Rxb5 Ke7 42. Rb7+ Ke6 43. a4 g5 44. a5 Rg4+ 45. Kf1 1-0

[Event "5eme LUCOPEN"]
[Site "Lille"]
[Date "2014.05.01"]
[Round "5"]
[White "Rouze, Xavier"]
[Black "Loiseau, Quentin"]
[Result "0-1"]
[WhiteElo "2084"]
[BlackElo "2388"]
[PlyCount "68"]
[EventDate "2014.??.??"]

1. c4 c6 2. g3 d5 3. Bg2 Nf6 4. Nf3 Bg4 5. Ne5 Be6 6. cxd5 Bxd5 7. Nf3 c5 8.
Nc3 Bc6 9. O-O e6 10. d3 b5 11. a4 b4 12. Nb1 Nbd7 13. Nbd2 Be7 14. a5 Qc7 15.
Nc4 e5 16. e4 Bb5 17. Qc2 O-O 18. Nh4 Nb8 19. Nf5 Nc6 20. f4 Rad8 21. fxe5 Ng4
22. Ncd6 Bxd3 23. Qxc5 Ngxe5 24. Qf2 Rxd6 25. Nxd6 Bxd6 26. Re1 Ng4 27. Qf5
Nce5 28. h3 Qc5+ 29. Kh1 g6 30. Qg5 h6 31. Qd2 Nf2+ 32. Kh2 Neg4+ 33. hxg4
Nxg4+ 34. Kh1 Qh5+ 0-1

[Event "5eme LUCOPEN"]
[Site "Lille"]
[Date "2014.05.01"]
[Round "5"]
[White "Skomorokhin, Roman"]
[Black "Franck, Boris"]
[Result "0-1"]
[WhiteElo "2384"]
[BlackElo "2105"]
[PlyCount "141"]
[EventDate "2014.??.??"]

1. d4 g6 2. c4 Bg7 3. e4 d6 4. Nc3 Nd7 5. Bg5 h6 6. Bh4 c5 7. d5 Ngf6 8. Be2 g5
9. Bg3 h5 10. h3 Nf8 11. Nf3 Bh6 12. e5 dxe5 13. Nxe5 h4 14. Bh2 a6 15. O-O
N8d7 16. Nd3 b6 17. Qc2 Ra7 18. Rae1 Rg8 19. f4 g4 20. hxg4 Nxg4 21. Bxg4 Rxg4
22. Qe2 f5 23. Nd1 Bg7 24. Ne3 Bd4 25. Kh1 Bxe3 26. Qxe3 Nf6 27. Ne5 Rc7 28.
Qh3 e6 29. Qc3 Rg8 30. Nc6 Nxd5 31. Nxd8 Nxc3 32. Nxe6 Bxe6 33. Rxe6+ Kf7 34.
Re5 Nxa2 35. Rxf5+ Ke8 36. Rh5 Rg4 37. f5 Rf7 38. b3 Nc3 39. Rh6 b5 40. Rxa6
bxc4 41. Re6+ Kd8 42. Rd6+ Ke8 43. Ra1 Rxf5 44. bxc4 Ne4 45. Ra8+ Kf7 46. Ra7+
Kg8 47. Rd8+ Rf8 48. Rxf8+ Kxf8 49. Bg1 Ng3+ 50. Kh2 Rxc4 51. Rc7 Ne4 52. Rh7
Ng5 53. Bxc5+ Kg8 54. Rh5 Rxc5 55. Rxh4 Kg7 56. Rf4 Kg6 57. Rf8 Rc3 58. Rf4 Ra3
59. Rf8 Ra4 60. Rg8+ Kf5 61. Rf8+ Kg4 62. Rg8 Ra2 63. Kg1 Kf4 64. Kh2 Ne4 65.
Rf8+ Kg5 66. Rg8+ Kf5 67. Rf8+ Nf6 68. Rb8 Kg5 69. Rb5+ Kh4 70. Rb1 Ng4+ 71.
Kh1 0-1

[Event "5eme LUCOPEN"]
[Site "Lille"]
[Date "2014.05.01"]
[Round "5"]
[White "Faure, Stephane"]
[Black "Petrosian, Suren"]
[Result "0-1"]
[WhiteElo "2081"]
[BlackElo "2374"]
[PlyCount "112"]
[EventDate "2014.??.??"]

1. e4 c5 2. Nf3 Nc6 3. d4 cxd4 4. Nxd4 Nf6 5. Nc3 d6 6. Bg5 Bd7 7. Bxf6 gxf6 8.
Nb3 h5 9. f4 a6 10. Qd2 e6 11. O-O-O Qc7 12. Kb1 O-O-O 13. Qf2 Kb8 14. Be2 Rc8
15. Rd2 Na5 16. Rhd1 Nxb3 17. axb3 Qc5 18. Qf1 Bc6 19. Rd4 b5 20. b4 Qb6 21. f5
Qc7 22. Bf3 Rd8 23. Na2 Bh6 24. Nc1 Bf4 25. g3 Be5 26. R4d3 h4 27. Ra3 Bb7 28.
Nd3 hxg3 29. Nxe5 dxe5 30. Rxd8+ Qxd8 31. hxg3 Qd4 32. fxe6 fxe6 33. Rd3 Qxb4
34. Bg2 Qe7 35. Qd1 Rc8 36. Rd6 Kc7 37. Rd3 Rd8 38. Bh3 Bxe4 39. Rxd8 Qxd8 40.
Qxd8+ Kxd8 41. Bxe6 Ke7 42. Bg8 f5 43. Bh7 Kf6 44. g4 Kg5 45. gxf5 Bxf5 46. Bg8
Kf4 47. Kc1 Ke3 48. c4 b4 49. Bf7 e4 50. Kc2 Kd4 51. Bh5 e3+ 52. Kb3 Kc5 53.
Be2 Be6 54. Bf1 a5 55. Be2 Bxc4+ 56. Bxc4 a4+ 0-1

[Event "5eme LUCOPEN"]
[Site "Lille"]
[Date "2014.05.01"]
[Round "5"]
[White "Shirazi, Kamran"]
[Black "Dumas, Victor"]
[Result "1-0"]
[WhiteElo "2366"]
[BlackElo "2082"]
[PlyCount "85"]
[EventDate "2014.??.??"]

1. c4 e6 2. Nf3 d5 3. g3 Nf6 4. Bg2 c5 5. O-O Be7 6. cxd5 exd5 7. d4 O-O 8.
dxc5 Bxc5 9. a3 a6 10. b4 Ba7 11. Bb2 Nc6 12. Nbd2 Bf5 13. Nh4 Be6 14. Rc1 Qe7
15. Nb3 Rac8 16. Nc5 Rfd8 17. Bxf6 gxf6 18. e3 Ne5 19. Nxe6 fxe6 20. Rxc8 Rxc8
21. Bh3 Rc6 22. Qe2 b5 23. Rd1 Rc3 24. a4 Rc4 25. axb5 axb5 26. Ra1 f5 27. Qa2
Bb6 28. Qa6 Bc7 29. Qxb5 Rxb4 30. Ra8+ Kf7 31. Qe2 Ng4 32. Bxg4 Rxg4 33. Nf3
Rg8 34. Ra7 Rd8 35. Ne5+ Bxe5 36. Qh5+ Kf8 37. Rxe7 Kxe7 38. Qxh7+ Kd6 39. Qb7
Bf6 40. f4 Rd7 41. Qb4+ Kc6 42. Qf8 Be7 43. Qc8+ 1-0

[Event "5eme LUCOPEN"]
[Site "Lille"]
[Date "2014.05.01"]
[Round "5"]
[White "Sadikhov, Ulvi"]
[Black "Grove, Michael"]
[Result "1/2-1/2"]
[WhiteElo "2289"]
[BlackElo "2071"]
[PlyCount "100"]
[EventDate "2014.??.??"]

1. e4 e5 2. Nf3 Nc6 3. Bc4 Nf6 4. d3 Bc5 5. c3 a6 6. Bb3 Ba7 7. Nbd2 d6 8. h3
h6 9. Nf1 Be6 10. Ng3 d5 11. Qe2 Qd6 12. O-O O-O-O 13. exd5 Nxd5 14. Re1 f6 15.
d4 Rhe8 16. dxe5 Nxe5 17. Nxe5 fxe5 18. Ne4 Qf8 19. Bxd5 Bxd5 20. Be3 Bxe4 21.
Bxa7 Bd3 22. Qg4+ Bf5 23. Qa4 Qf6 24. Be3 Qg6 25. Kh2 Be4 26. Rg1 Qf5 27. Qc4
g5 28. Rad1 g4 29. Rxd8+ Rxd8 30. h4 Kb8 31. b4 Qf6 32. g3 Qf3 33. Qf1 h5 34.
a4 Rd3 35. Qe1 Bc6 36. b5 axb5 37. axb5 Bxb5 38. Qb1 Qd5 39. Qb4 Bc6 40. c4 Qf3
41. Qe1 Be4 42. Qc1 Kc8 43. Qe1 Rb3 44. Bc1 Rd3 45. Be3 Bc6 46. Qc1 Qe4 47. c5
Qf3 48. Qc4 Rxe3 49. Qg8+ Kd7 50. Qg7+ Kc8 1/2-1/2

[Event "5eme LUCOPEN"]
[Site "Lille"]
[Date "2014.05.01"]
[Round "5"]
[White "Dupont, Arthur"]
[Black "Miedema, David"]
[Result "0-1"]
[WhiteElo "1929"]
[BlackElo "2390"]
[PlyCount "48"]
[EventDate "2014.??.??"]

1. d4 Nf6 2. c4 g6 3. Nc3 Bg7 4. e4 d6 5. Nge2 O-O 6. Ng3 e5 7. d5 a5 8. Be2
Na6 9. O-O Nc5 10. Qc2 h5 11. Bg5 Qe8 12. Nb5 Qd7 13. Bxf6 Bxf6 14. Bxh5 gxh5
15. Nxh5 Bh8 16. f4 c6 17. fxe5 cxb5 18. Rf5 Qd8 19. Rf6 dxe5 20. Raf1 Bg4 21.
Rh6 Ra6 22. h3 Rxh6 23. hxg4 b4 24. Qd2 Rg6 0-1

[Event "5eme LUCOPEN"]
[Site "Lille"]
[Date "2014.05.01"]
[Round "5"]
[White "Huesmann, Thomas"]
[Black "Alloui-Cros, Baptiste"]
[Result "1-0"]
[WhiteElo "2217"]
[BlackElo "1943"]
[PlyCount "75"]
[EventDate "2014.??.??"]

1. e4 Nf6 2. e5 Nd5 3. d4 d6 4. Bc4 Nb6 5. Bb3 Bf5 6. Nf3 e6 7. O-O Be7 8. a4
a5 9. c3 O-O 10. Bc2 Bxc2 11. Qxc2 d5 12. Rd1 c5 13. dxc5 Bxc5 14. Ng5 g6 15.
Nf3 Qc7 16. Nbd2 Rc8 17. Nb3 Bf8 18. Nbd4 Qc4 19. Be3 N6d7 20. Nd2 Qa6 21. f4
Nc6 22. Nb5 Nc5 23. Nf3 Na7 24. Nxa7 Qxa7 25. f5 Qa6 26. f6 b5 27. axb5 Qxb5
28. Nd4 Qc4 29. h4 a4 30. h5 a3 31. hxg6 hxg6 32. Nf3 axb2 33. Qxb2 Rxa1 34.
Rxa1 Na4 35. Qb7 Nxc3 36. Ra7 Be7 37. Qxe7 Rf8 38. Qxf8+ 1-0

[Event "5eme LUCOPEN"]
[Site "Lille"]
[Date "2014.05.01"]
[Round "5"]
[White "Laine, Panu"]
[Black "Gauer, Jacques"]
[Result "1/2-1/2"]
[WhiteElo "2177"]
[BlackElo "1868"]
[PlyCount "61"]
[EventDate "2014.??.??"]

1. e4 c5 2. Nc3 e6 3. f4 Nc6 4. Nf3 Nge7 5. Bb5 Nd4 6. Bc4 Nec6 7. O-O Be7 8.
Ne2 Nxf3+ 9. Rxf3 a6 10. a4 O-O 11. Ba2 d5 12. exd5 exd5 13. h3 Bf6 14. d3 b5
15. c3 b4 16. Be3 d4 17. Bd2 bxc3 18. bxc3 Rb8 19. Rb1 Rxb1 20. Qxb1 Re8 21.
Qd1 Bb7 22. Rf2 dxc3 23. Bxc3 Bxc3 24. Nxc3 Nd4 25. Qh5 Qe7 26. Qe5 Qxe5 27.
fxe5 Ne6 28. Ne4 Bxe4 29. dxe4 Rd8 30. Bd5 Rb8 31. Rc2 1/2-1/2

[Event "5eme LUCOPEN"]
[Site "Lille"]
[Date "2014.05.01"]
[Round "5"]
[White "Goossens, Hanne"]
[Black "Farrington, Edward J"]
[Result "1/2-1/2"]
[WhiteElo "2112"]
[BlackElo "1869"]
[PlyCount "89"]
[EventDate "2014.??.??"]

1. e4 Nc6 2. Nf3 d6 3. d4 Nf6 4. Nc3 g6 5. Bg5 Bg7 6. Qd2 h6 7. Bf4 g5 8. Bg3
Nh5 9. Bb5 a6 10. Bxc6+ bxc6 11. O-O Rb8 12. b3 e6 13. Qe3 O-O 14. e5 f5 15.
exf6 Qxf6 16. Ne4 Qg6 17. Rad1 Bb7 18. Rfe1 Nf4 19. c4 Rbe8 20. a3 a5 21. h4 g4
22. Nh2 e5 23. dxe5 Bxe5 24. Qa7 Rb8 25. Qxa5 c5 26. Bxf4 Bxf4 27. Ng3 Bxg3 28.
fxg3 Qc2 29. Qd2 Qxb3 30. Qxh6 Qxg3 31. Qg5+ Kh8 32. Qh5+ Kg8 33. Qxg4+ Qxg4
34. Nxg4 Rf4 35. Ne3 Ba6 36. Nd5 Rxh4 37. Nxc7 Bxc4 38. Rxd6 Kf7 39. Nd5 Bxd5
40. Rxd5 c4 41. Re3 Rc8 42. Rc3 Ke6 43. Rd2 Ke5 44. Rdc2 Kd4 45. g3 1/2-1/2

[Event "5eme LUCOPEN"]
[Site "Lille"]
[Date "2014.05.01"]
[Round "5"]
[White "Van Der Merwe, Cecile H"]
[Black "Andriamandimbisoa, Mathieu"]
[Result "1/2-1/2"]
[WhiteElo "2038"]
[BlackElo "1697"]
[PlyCount "97"]
[EventDate "2014.??.??"]

1. e4 e6 2. d4 d5 3. Nd2 c5 4. exd5 exd5 5. Bb5+ Nc6 6. Ngf3 Bd6 7. O-O Nge7 8.
dxc5 Bxc5 9. Nb3 Bd6 10. h3 O-O 11. c3 Bf5 12. Nbd4 Be4 13. Bd3 Nxd4 14. Nxd4
Ng6 15. Be3 a6 16. Re1 Qf6 17. Bxe4 dxe4 18. Ne2 Rad8 19. Qc2 Qe5 20. Ng3 f5
21. Qb3+ Rf7 22. Bd4 Qf4 23. Bxg7 Qg5 24. Bd4 Bxg3 25. fxg3 Qxg3 26. Bf2 Qg5
27. Kh2 Nf4 28. g3 Rd2 29. Qb6 Nd3 30. h4 Qg7 31. Rf1 Rxb2 32. Qd8+ Rf8 33.
Qd5+ Qf7 34. Qd4 Nxf2 35. Rxf2 Rxf2+ 36. Qxf2 Qc4 37. Qe3 Kh8 38. Rd1 Qxa2+ 39.
Rd2 Qe6 40. Qf4 Qe7 41. Rd5 Qf7 42. Rc5 Qf6 43. Rc7 Rf7 44. Rc8+ Kg7 45. Rc5 h5
46. Rd5 Qg6 47. Rd6 Rf6 48. Rd7+ Rf7 49. Rd6 1/2-1/2

[Event "5eme LUCOPEN"]
[Site "Lille"]
[Date "2014.05.01"]
[Round "5"]
[White "Bourgeois, Florian"]
[Black "Cheishvili, Nani"]
[Result "1-0"]
[WhiteElo "1986"]
[BlackElo "1499"]
[PlyCount "105"]
[EventDate "2014.??.??"]

1. e4 e5 2. Nc3 Nf6 3. Bc4 Be7 4. d3 O-O 5. f4 exf4 6. Bxf4 d6 7. Nf3 Nc6 8.
Qd2 Na5 9. Bb3 Nxb3 10. axb3 Re8 11. O-O c6 12. h3 Be6 13. Ne2 Qb6+ 14. Be3 c5
15. Nf4 d5 16. Nxe6 fxe6 17. e5 Nd7 18. Ra4 Qc7 19. Rg4 Nxe5 20. Nxe5 Qxe5 21.
Bh6 Bf8 22. Rxf8+ Rxf8 23. Bxg7 Qxg7 24. Rxg7+ Kxg7 25. Qc3+ Rf6 26. Qxc5 Kg6
27. Qc7 Rf7 28. Qe5 Re8 29. h4 Rf5 30. Qc7 Ref8 31. Qxb7 R8f7 32. Qc6 R5f6 33.
Qd6 Kh5 34. Qg3 Rg6 35. Qh3 Rfg7 36. c4 d4 37. Kh2 Rg4 38. g3 Rb7 39. Qf1 Rxb3
40. Qf7+ Kh6 41. Kh3 Rg6 42. Qf4+ Kg7 43. Qxd4+ Rf6 44. Qxa7+ Kg8 45. Qd4 Kf7
46. c5 Rf3 47. c6 Rfxd3 48. Qxd3 Rxd3 49. c7 Rb3 50. c8=Q Rxb2 51. Qd7+ Kf8 52.
Qxe6 Rb7 53. h5 1-0

[Event "5eme LUCOPEN"]
[Site "Lille"]
[Date "2014.05.01"]
[Round "5"]
[White "Dorlet, Nicolas"]
[Black "Daurelle, Herve"]
[Result "1/2-1/2"]
[WhiteElo "1795"]
[BlackElo "2215"]
[PlyCount "34"]
[EventDate "2014.??.??"]

1. d4 Nf6 2. c4 e6 3. Nc3 d5 4. Nf3 c5 5. cxd5 Nxd5 6. e3 Nc6 7. Bd3 Be7 8. O-O
O-O 9. Qe2 cxd4 10. exd4 Ndb4 11. Bb1 Nxd4 12. Nxd4 Qxd4 13. Rd1 Qh4 14. Be3
Rd8 15. Be4 Rxd1+ 16. Qxd1 f5 17. g3 Qf6 1/2-1/2